Six sigma black belt hand book (Record no. 182098)

MARC details
000 -LEADER
fixed length control field 00452nam a2200157Ia 4500
005 - DATE AND TIME OF LATEST TRANSACTION
control field 20250428151211.0
008 - FIXED-LENGTH DATA ELEMENTS--GENERAL INFORMATION
fixed length control field 231217s9999 xx 000 0 und d
020 ## - INTERNATIONAL STANDARD BOOK NUMBER
International Standard Book Number 9780071443296
082 ## - DEWEY DECIMAL CLASSIFICATION NUMBER
Classification number 658 MCC;1 R
100 ## - MAIN ENTRY--PERSONAL NAME
Personal name McCarty, Thomas. Daniels, Lorraine. Bremer, Michael [et al.]
245 #0 - TITLE STATEMENT
Title Six sigma black belt hand book
260 ## - PUBLICATION, DISTRIBUTION, ETC. (IMPRINT)
Date of publication, distribution, etc. 2005
Name of publisher, distributor, etc. Mcgrawhill
Place of publication, distribution, etc. New Delhi
300 ## - PHYSICAL DESCRIPTION
Extent xiv+588
650 ## - SUBJECT ADDED ENTRY--TOPICAL TERM
Topical term or geographic name as entry element Six,sigma,black,belt,hand
942 ## - ADDED ENTRY ELEMENTS (KOHA)
Koha item type Books
Holdings
Date last seen Total Checkouts Full call number Accession number Old discount Date checked out Price effective from Category Lost status Damaged status Department Withdrawn status bill date Permanent Location Current Location Shelving location Entry date Vendor Grants Currency symbol Conversion rate Discount Discount type
06/06/2025 2 658 MCC;1 R 52213   21/05/2025 26/01/2024 Books     Central Library   07/04/2012 Central Library RFID Kiosk Central Library 21/01/2009 Publisher DONATED RS 1   Rupees

© For any Suggestions or Query, please contact the library staff @ librarian@pes.edu or Phone: +9180 2672 1983/ 2108.